Ready or not? How citizens and public officials perceive risk and preparedness (Record no. 104975)

000 -LEADER
fixed length control field 01739pab a2200193 454500
008 - FIXED-LENGTH DATA ELEMENTS--GENERAL INFORMATION
fixed length control field 180718b2014 xxu||||| |||| 00| 0 eng d
100 ## - MAIN ENTRY--PERSONAL NAME
Personal name Donahue, Amy K.
245 ## - TITLE STATEMENT
Title Ready or not? How citizens and public officials perceive risk and preparedness
260 ## - PUBLICATION, DISTRIBUTION, ETC.
Date of publication, distribution, etc. 2014
300 ## - PHYSICAL DESCRIPTION
Extent p.89s-111s
362 ## - DATES OF PUBLICATION AND/OR SEQUENTIAL DESIGNATION
Dates of publication and/or sequential designation Jul
520 ## - SUMMARY, ETC.
Summary, etc. The more prepared people are, the less harm they will suffer when disaster strikes. Yet anecdotal and empirical evidence shows that people overestimate their preparedness and are underprepared. While a robust literature has matured around hazards, risk, and vulnerability, and disaster policy, politics, and management, the literature about individual preparedness is much more limited and inconsistent. We know little about why people prepare (or why they do not), and what would make them prepare more. As a result, public managers are at a loss about how to design effective preparedness programs. In this paper, we survey the literature on preparedness to crystallize the gaps in our understanding of when and how citizens react to the threat of disaster. We then examine and compare the views of risk and preparedness held by individuals and government officials drawing on insights from a 4-year study that involved three national surveys and intensive studies in two communities. We use this analysis to address two questions: What do citizens think and do about risks and preparedness, and why? How do local government officials understand what citizens think and do about risks and preparedness? - Reproduced.
650 ## - SUBJECT ADDED ENTRY--TOPICAL TERM
Topical term or geographic name entry element Natural disasters
700 ## - ADDED ENTRY--PERSONAL NAME
Personal name Wilson, Rick K.
700 ## - ADDED ENTRY--PERSONAL NAME
Personal name Eckel, Catherine C.
773 ## - HOST ITEM ENTRY
Main entry heading American Review of Public Administration
908 ## - PUT COMMAND PARAMETER (RLIN)
Put command parameter N
909 ## -
-- 104980
Holdings
Withdrawn status Lost status Damaged status Not for loan Permanent Location Current Location Date acquired Serial Enumeration / chronology Barcode Date last seen Price effective from Koha item type
        Indian Institute of Public Administration Indian Institute of Public Administration 2018-07-19 Volume no: 44, Issue no: 4s AR105440 2018-07-19 2018-07-19 Articles

Powered by Koha